Statistiques concernant Titres d'oeuvres littéraires à compléter

Cliquez ici pour prendre le quiz!

Statistiques générales

  • Ce quiz a été pris 322 fois
  • Le résultat moyen est 24 sur 50

Statistiques - réponses

MotsLivresAuteurs% Correct
SeigneurLe __________ des anneauxJ. R. R. Tolkien
97%
Robinson_____________ CrusoéDaniel Defoe
95%
FourberiesLes ____________ de ScapinMolière
89%
PèreLe _________ GoriotHonoré de Balzac
88%
NilMort sur le __________Agatha Christie
87%
PaysOui-Oui au __________ des jouetsEnid Blyton
87%
DameLa _________ aux caméliasAlexandre Dumas
79%
PrisonnierLe ____________ d'AzkabanJ. K. Rowling
79%
SentimentaleL'éducation ____________Gustave Flaubert
79%
DimancheUn long ___________ de fiançaillesSébastien Japrisot
77%
OiseauNe tirez pas sur l'__________ moqueurHarper Lee
73%
ChambreL'énigme de la _________ 622Joël Dicker
72%
Gatsby__________ le magnifiqueF. Scott Fitzgerald
72%
AttrapeL'_________- coeurJ. D. Salinger
71%
CastafioreLes bijoux de la ____________Hergé
71%
BridgetLe journal de ___________ JonesHelen Fielding
68%
ComédieLa divine ____________Dante Alighieri
67%
SonneLe facteur __________ toujours deux foisJames M. Cain
67%
GlasPour qui sonne le ___________Ernest Hemingway
66%
BidonLa Fille qui rêvait d'un _________ d'essence et d'une allumetteStieg Larsson
63%
JolieOn la trouvait plutôt __________Michel Bussi
60%
SourisDes ____________ et des hommesJohn Steinbeck
60%
American_____________ psychoBret Easton Ellis
54%
Journal____________ d'une femme de chambreOctave Mirbeau
53%
AbbéLa faute de l'___________ MouretEmile Zola
46%
JeanPierre et __________Guy de Maupassant
44%
StrogoffMichel ___________Jules Verne
44%
FourmisLa révolution des ____________Bernard Werber
43%
JeuneLes souffrances du __________ WertherGoethe
43%
PenduleLe ___________ de FoucaultUmberto Eco
40%
Mc2E = __________ mon amourPatrick Cauvin
38%
BicycletteLa ____________ bleueRégine Deforges
36%
HommesLes ___________ de bonne volontéJules Romains
36%
ChevauxOn achève bien les ___________Horace McCoy
33%
RivièreSur le bord de la ___________ Piedra, je me suis assise et j'ai pleuréPaulo Coelho
29%
ArchipelL'___________ du goulagAlexandre Soljenitsyne
27%
FleursDes ___________ pour AlgernonDaniel Keyes
23%
MaladieLa __________ de SachsMartin Winckler
20%
NuitLa __________ du renardMary Higgins Clark
20%
TueraEt on ___________ tous les affreuxBoris Vian
18%
GrivesDes _________ aux loupsClaude Michelet
16%
BeurreAu bon __________Jean Dutourd
14%
BoutiquesRue des _____________ obscuresPatrick Modiano
10%
ClasseLa ____________ de neigeEmmanuel Carrere
10%
CommèresLes joyeuses __________ de WindsorWilliam Shakespeare
10%
PutainUne ___________ d'histoireBernard Minier
10%
SoeurLa __________ de GribouilleComtesse de Ségur
10%
Oublier__________ PalermeEdmonde Charles-Roux
9%
EdithLe journal d'___________Patricia Highsmith
3%
NostalgieLa ____________ heureuseAmélie Nothomb
2%

Distribution des résultats

Percentile par nombre de réponses

% des personnes avec chaque résultat

Votre développement - résultats

Vous n’avez pas pris ce quiz